[Event "PAR-ch sf"]
[Site "Asuncion"]
[Date "2019.09.12"]
[Round "9"]
[White "Vergara Aquino, Jose"]
[Black "Amarilla Ettiene, Ezequiel"]
[Result "1-0"]
[WhiteElo "1563"]
[BlackElo "1099"]
[PlyCount "57"]
[EventDate "2019.09.06"]
[EventType "swiss"]
[EventRounds "9"]
[EventCountry "PAR"]
[SourceTitle "EXT 2020"]
[Source "ChessBase"]
[SourceDate "2019.10.17"]
[SourceVersion "1"]
[SourceVersionDate "2019.10.17"]
[SourceQuality "1"]

1. e4 d5 2. Nc3 d4 3. Nce2 e5 4. Ng3 Bd6 5. d3 Nf6 6. Be2 0-0 7. h3 Nc6 8. Nf3 Qe7 9. 0-0 Bd7 10. a3 h6 11. c4 dxc3 12. bxc3 Rad8 13. Qc2 a6 14. d4 exd4 15. cxd4 Bxg3 16. fxg3 Qxe4 17. Bd3 Qd5 18. Bb2 Be6 19. Rae1 Qb3 20. Qd2 Qb6 21. Qf2 Na5 22. Rb1 Bc4 23. Bc3 Qd6 24. Bb4 Qc6 25. Ne5 Qe6 26. Rfe1 Bxd3 27. Nxd3 Qc4 28. Ne5 Nb3 29. Nxc4 1-0

[Event "PAR-ch sf"]
[Site "Asuncion"]
[Date "2019.09.09"]
[Round "6"]
[White "Torales G, Ivan Alejandro B"]
[Black "Vergara Aquino, Jose"]
[Result "0-1"]
[WhiteElo "1068"]
[BlackElo "1563"]
[PlyCount "26"]
[EventDate "2019.09.06"]
[EventType "swiss"]
[EventRounds "9"]
[EventCountry "PAR"]
[SourceTitle "EXT 2020"]
[Source "ChessBase"]
[SourceDate "2019.10.17"]
[SourceVersion "1"]
[SourceVersionDate "2019.10.17"]
[SourceQuality "1"]

1. e4 e5 2. Nf3 d6 3. Bc4 h6 4. 0-0 Nf6 5. Re1 Be7 6. Nc3 c6 7. d3 0-0 8. Be3 d5 9. exd5 cxd5 10. Bb3 d4 11. Ne4 dxe3 12. Rxe3 Nc6 13. Ng3 Re8 0-1

[Event "PAR-ch sf"]
[Site "Asuncion"]
[Date "2019.09.07"]
[Round "3"]
[White "Ocampos Mereles, Martin Alfredo"]
[Black "Vergara Aquino, Jose"]
[Result "1-0"]
[WhiteElo "1318"]
[BlackElo "1563"]
[PlyCount "24"]
[EventDate "2019.09.06"]
[EventType "swiss"]
[EventRounds "9"]
[EventCountry "PAR"]
[SourceTitle "EXT 2020"]
[Source "ChessBase"]
[SourceDate "2019.10.17"]
[SourceVersion "1"]
[SourceVersionDate "2019.10.17"]
[SourceQuality "1"]

1. e4 e6 2. Qe2 Ne7 3. d4 g6 4. Nf3 Bg7 5. g3 0-0 6. Bg2 c6 7. 0-0 d6 8. Nc3 b6 9. Rd1 Re8 10. Bg5 f6 11. Bf4 g5 12. Be3 h6 1-0